| 000 | 00462cam a2200181ua 4500 | ||
|---|---|---|---|
| 020 | _c9.00 | ||
| 041 |
_aeng _h |
||
| 082 |
_a515.35 _bMUR/IN |
||
| 100 | _aMurray , Daniel A . | ||
| 245 |
_aIntroductory course in differential equations / _cDaniel A Murray. _hTextual Documents |
||
| 250 |
_a1 / _b. |
||
| 260 |
_aLondon : _bLongman Group Limited , _c1961. |
||
| 300 | _a232 ; . | ||
| 365 | _a9.00 | ||
| 504 | _a | ||
| 942 | _cBK | ||
| 999 |
_c2955 _d2955 |
||